000 00453cam a2200181ua 4500
020 _c50 paise
041 _aeng
_h
082 _a823.301
_bSUB/TA
100 _aSubramaniya Iyyer, P R .
245 _aTales of gold /
_cP R Subramaniya Iyyer.
_hTextual Documents
250 _a1 /
_b.
260 _aLondon :
_bOrient-Longman Ltd ,
_c1962.
300 _a41 ; .
365 _a50 paise
504 _a
942 _cBK
999 _c11970
_d11970